000 00760nam a2200205 a 4500
003 0
005 20250519111119.0
008 021127s19uu xx 00 eng d
050 _aPGS LB 1049
_b.F175 2001
100 _aFajardo, Elyse Matilde J.
245 _aA comparison of the study habits of selected grade 6 students of Southville International School /
_cElyse Matilde J. Fajardo.
260 _aLas PiƱas City, Philippines :
_bSouthville International School and Colleges,
_c2001.
300 _a38 pages :
_bcolored illustrations ;
_c28 cm.
504 _aIncludes bibliographical references.
650 _aStudy skills.
650 _aStudy habits.
650 _aAcademic achievement.
650 _aSixth grade (Education).
942 _2lcc
_cPASS
999 _c96505
_d96505